• 首页
  • 本馆介绍
  • 公告通知
  • 最新文献
  • 馆藏检索
  • 电子资源
  • 读者导购
  • 参考咨询
  • 我的图书馆
  • 登录
  • 详细信息显示
  • 放入我的书架
  • 预约/预借图书
  • 作者相关作品
  • 分类相关作品
  • 丛书相关作品
  • 出版社相关作品

书目信息

  • 表格格式
  • 工作单格式
  • 卡片格式
题名:
在生命的拐弯处
    
 
作者: 艾柯 编译
分册:  
出版信息: 天津   天津教育出版社  2006
页数: 237页
开本: 23cm
丛书名: 美丽英文系列
单 册:
中图分类: H319.4 , I16
科图分类:
主题词: 散文--世界--选集 , 英语 , 英语--汉语--对照读物 , 散文 , 汉语
电子资源:
ISBN: 7-5309-4711-7
000 01100nam0 2200337 450
000 01106nam0 2200337 450
000 01036nam0 2200313 450
000 01000nam0 2200301 45
005 20070727162718.83
010    @a7-5309-4711-7@dCNY18.80
100    @a20070302d2006 em y0chiy0120 ea
101 0  @achi@zeng
102    @aCN@b120000
105    @aa z 000yy
200 1  @a在生命的拐弯处@AZai Sheng Ming De Guai Wan Chu@dAt the turning of life@f艾柯编译@FAi Ke Bian Yi@zeng
210    @a天津@c天津教育出版社@d2006
215    @a237页@c图@d23cm
225 2  @a美丽英文系列@e英汉典藏版
330    @a本书以中英文对照的形式收录了百则经典哲理散文,分为非凡人生的秘诀、自由如歌的快乐、把握机会的脉动、生活给我上的一课四部分。
410  0 @12001 @a美丽英文系列@e英汉典藏版
510 1  @a At the turning of life@zeng
606 0  @a散文@y世界@j选集
606 0  @a英语
606 0  @a英语@x汉语@x对照读物
606 0  @a散文
606 0  @a汉语
690    @a H319.4@v4
690    @aI16@v4
701  0 @a艾柯@AAi Ke@4编译
801  0 @aCN@bTAOJIN@c20070727
905    @a10447@dH319.4@e1409
    
    在生命的拐弯处=At the turning of life/艾柯编译.-天津:天津教育出版社,2006
    237页:图;23cm.-(美丽英文系列:英汉典藏版)
    
    
    ISBN 7-5309-4711-7:CNY18.80
    本书以中英文对照的形式收录了百则经典哲理散文,分为非凡人生的秘诀、自由如歌的快乐、把握机会的脉动、生活给我上的一课四部分。
●
相关链接 在E读中查询图书 在五车中查询图书 在当当中查询图书 在豆瓣中查询图书


正题名:在生命的拐弯处     索取号:H319.4/1409         预约/预借

序号 登录号 条形码 馆藏地/架位号 状态 备注
1 0821781   208217810   第二样本阅览室/ [索取号:H319.4/1409] 在馆    
2 0821782   208217829   第四借阅区/ [索取号:H319.4/1409] 在馆    
3 0821783   208217838   第四借阅区/ [索取号:H319.4/1409] 在馆    
4 0821784   208217847   第四借阅区/ [索取号:H319.4/1409] 在馆    
5 0821785   208217856   第四借阅区/ [索取号:H319.4/1409] 在馆    
唐山师范学院图书馆 欢迎您!
大连网信软件有限公司© 版权所有